How to assess higher-order thinking skills in your classroom (Record no. 235120)
[ view plain ]
| 000 -LEADER | |
|---|---|
| fixed length control field | 01280nam a2200325Ia 4500 |
| 082 04 - DEWEY DECIMAL CLASSIFICATION NUMBER | |
| Classification number | 371.27/1 |
| 100 1# - MAIN ENTRY--AUTHOR NAME | |
| Personal name | Brookhart, Susan M. |
| 245 10 - TITLE STATEMENT | |
| Title | How to assess higher-order thinking skills in your classroom |
| 260 ## - PUBLICATION, DISTRIBUTION, ETC. (IMPRINT) | |
| Place of publication | Alexandria, Va. : |
| Name of publisher | ASCD, |
| Year of publication | c2010. |
| 300 ## - PHYSICAL DESCRIPTION | |
| Number of Pages | 159 p. : |
| Other physical details | ill. |
| 650 #0 - SUBJECT ADDED ENTRY--TOPICAL TERM | |
| Topical Term | Thought and thinking |
| Topical Term | Critical thinking |
| Topical Term | Cognition in children. |
| 856 40 - ELECTRONIC LOCATION AND ACCESS | |
| Uniform Resource Identifier | http://site.ebrary.com/lib/rucke/Doc?id=10436142 |
No items available.
